Estadísticas para Adivina la canción con la ropa

Haz click aquí para intentar la prueba.

Estadísticas generales

  • Esta prueba ha sido intentada 21 veces
  • La puntuación promedio es 7 de 16

Estadísticas de respuestas

Respuesta% Correcto
Cupido
83%
Miénteme
83%
Bar
61%
Muñecas
61%
Carne y hueso
56%
Fantasi
50%
La triple t
50%
2:50 remix
39%
Fresa
39%
La loto
39%
Ella dice
28%
Maldita foto
28%
Recuerdo
28%
Aquí estoy
17%
El último beso
17%
Por el resto de tu vida
6%

Distribución de puntuación

Porcentaje por número respondido

Porcentaje de gente con cada puntuación

Historial de tus puntuaciones

No has intentado esta prueba.